[Event "Zonal 2.4 Brasil 2011"]
[Site "Rio de Janeiro BRA"]
[Date "2011.06.26"]
[Round "9.25"]
[White "Souza, Marcos Valerio A"]
[Black "Ferreira, Jose Carlos"]
[Result "1/2-1/2"]
[WhiteElo "2097"]
[BlackElo "1960"]
[PlyCount "187"]
[EventDate "2011.06.18"]
[EventType "swiss"]
[EventRounds "9"]
[EventCountry "BRA"]
[Source "lmi"]
[SourceDate "2011.06.18"]

1. d4 Nf6 2. c4 e6 3. Nc3 Bb4 4. Qc2 d5 5. a3 Be7 6. Nf3 O-O 7. e3 b6 8. cxd5
exd5 9. b4 c5 10. bxc5 bxc5 11. Be2 g6 12. dxc5 Na6 13. Nd4 Nxc5 14. Nc6 Qd6
15. Nxe7+ Qxe7 16. O-O Bf5 17. Qd1 Rfd8 18. Nb5 Rab8 19. Nd4 Bd7 20. a4 Qe8 21.
Nb5 a6 22. Qd4 axb5 23. Qxf6 Qe6 24. Bb2 Qxf6 25. Bxf6 Re8 26. Bxb5 Bxb5 27.
axb5 Rxb5 28. Ra7 Rb7 29. Rxb7 Nxb7 30. Rc1 Nd6 31. Rc7 Rc8 32. Rxc8+ Nxc8 33.
Kf1 Kf8 34. Ke2 Ke8 35. Kd3 Kd7 36. f3 Ke6 37. Bd4 Ne7 38. Bc5 Nf5 39. g4 Ng7
40. Bd4 Ne8 41. Bc5 Ng7 42. Ba7 f5 43. g5 Ne8 44. Bb8 Ng7 45. Kd4 f4 46. Bxf4
Nf5+ 47. Kc5 Nh4 48. e4 dxe4 49. fxe4 Ng2 50. Bg3 Ne3 51. h3 Nc2 52. Bf4 Na1
53. Kc4 Nc2 54. Bg3 Na3+ 55. Kb4 Nc2+ 56. Kc5 Na3 57. Bf4 Nc2 58. Kc4 Na3+ 59.
Kb3 Nb5 60. Kb4 Nd4 61. Kc4 Nc2 62. Bg3 Na3+ 63. Kd4 Nc2+ 64. Kc3 Na3 65. Kd3
Nb5 66. Bb8 Na3 67. Bf4 Nb5 68. Ke3 Na3 69. Bc7 Nb5 70. Bb8 Na3 71. Ba7 Nc4+
72. Kd4 Ne5 73. Ke3 Nc4+ 74. Kf4 Ne5 75. Bd4 Nd3+ 76. Ke3 Nb4 77. Bf6 Nc2+ 78.
Kd2 Na3 79. Kc3 Nb5+ 80. Kb4 Nd6 81. e5 Nf7 82. Kc4 Nxe5+ 83. Kd4 Nd7 84. Bd8
Kf5 85. Ke3 Ne5 86. Bf6 Nf7 87. h4 Nd6 88. Kf3 Ne4 89. Bd4 Nd6 90. Bf2 Nc4 91.
Be1 Ne5+ 92. Kg3 Nd3 93. Bc3 Nc5 94. Be1 1/2-1/2